000 00622nam a22002177a 4500
003 UA-OsUOA
001 117005
007 ta
008 20160420b un ||||| |||| 00| 0 ukr d
100 _aФаріон І.
090 _a81
_bФ24
942 _cSA
040 _aUA-OsUOA
_bukr
_cUA-OsUOA
_dUA-OsUOA
245 _aОлександр Потебня у контексті соціолінгвістики
300 _aС.31-38
955 _a0
041 _aukr
080 _a81
773 0 _w117004
650 7 _a8 Мовознавство. Художня література. Літературознавство
_2UDC
999 _c402983
_d402983